000 00437nam a22001817a 4500
003 CEME
005 20210628203555.0
008 210201b xxu||||| |||| 00| 0 eng d
020 _a969-8563-11-3
040 _c.
082 _a891.4391 JAB
100 _aJabar Mirza
_966328
245 _aKhiraj-e-tehseen
260 _aLAHORE
_bISLAMIC PUBLICATIONS
_c2003
300 _a212P
650 _aURDU ADAB-POETRY
_928226
942 _cBK
_2ddc
999 _c574310
_d574310